| 000 -LEADER |
| fixed length control field |
01935cam a2200349 a 4500 |
| 001 - CONTROL NUMBER |
| control field |
16465747 |
| 003 - CONTROL NUMBER IDENTIFIER |
| control field |
OSt |
| 005 - DATE AND TIME OF LATEST TRANSACTION |
| control field |
20170213120658.0 |
| 008 - FIXED-LENGTH DATA ELEMENTS--GENERAL INFORMATION |
| fixed length control field |
100917s2011 cauab b 001 0 eng c |
| 010 ## - LIBRARY OF CONGRESS CONTROL NUMBER |
| LC control number |
2010039800 |
| 020 ## - INTERNATIONAL STANDARD BOOK NUMBER |
| International Standard Book Number |
9780804770187 (cloth : alk. paper) |
| 040 ## - CATALOGING SOURCE |
| Original cataloging agency |
CSt/DLC |
| Transcribing agency |
DLC |
| Modifying agency |
DLC |
| 042 ## - AUTHENTICATION CODE |
| Authentication code |
pcc |
| 043 ## - GEOGRAPHIC AREA CODE |
| Geographic area code |
e-fr--- |
| 050 00 - LIBRARY OF CONGRESS CALL NUMBER |
| Classification number |
N9165.F8 |
| Item number |
K37 2011 |
| 082 00 - DEWEY DECIMAL CLASSIFICATION NUMBER |
| Classification number |
363.6/9094409044 |
| Edition number |
22 |
| 100 1# - MAIN ENTRY--PERSONAL NAME |
| Personal name |
Karlsgodt, Elizabeth Campbell. |
| 245 10 - TITLE STATEMENT |
| Title |
Defending national treasures : |
| Remainder of title |
French art and heritage under Vichy / |
| Statement of responsibility, etc. |
Elizabeth Campbell Karlsgodt. |
| 260 ## - PUBLICATION, DISTRIBUTION, ETC. (IMPRINT) |
| Place of publication, distribution, etc. |
Stanford, Calif. : |
| Name of publisher, distributor, etc. |
Stanford University Press, |
| Date of publication, distribution, etc. |
2011. |
| 300 ## - PHYSICAL DESCRIPTION |
| Extent |
xv, 382 p. : |
| Other physical details |
ill. (some col.), map ; |
| Dimensions |
24 cm. |
| 504 ## - BIBLIOGRAPHY, ETC. NOTE |
| Bibliography, etc |
Includes bibliographical references and index. |
| 505 0# - FORMATTED CONTENTS NOTE |
| Formatted contents note |
Cultural affairs under Vichy -- Defending French style and beauty -- Exodus -- Museums fit for France -- Saving historic sites -- Archeology and the national revolution -- Recycling French heroes : the destruction of bronze statues -- Endangered local patrimony : bronze statues in Paris, Chambéry, and Nantes -- Jewish art collections -- Art as a negotiating tool -- The Vichy legacy. |
| 650 #0 - SUBJECT ADDED ENTRY--TOPICAL TERM |
| Topical term or geographic name as entry element |
Art treasures in war |
| Geographic subdivision |
France |
| General subdivision |
History |
| Chronological subdivision |
20th century. |
| 650 #0 - SUBJECT ADDED ENTRY--TOPICAL TERM |
| Topical term or geographic name as entry element |
Art museums |
| Geographic subdivision |
France |
| General subdivision |
History |
| Chronological subdivision |
20th century. |
| 650 #0 - SUBJECT ADDED ENTRY--TOPICAL TERM |
| Topical term or geographic name as entry element |
Art and state |
| Geographic subdivision |
France |
| General subdivision |
History |
| Chronological subdivision |
20th century. |
| 650 #0 - SUBJECT ADDED ENTRY--TOPICAL TERM |
| Topical term or geographic name as entry element |
World War, 1939-1945 |
| General subdivision |
Destruction and pillage |
| Geographic subdivision |
France. |
| 650 #0 - SUBJECT ADDED ENTRY--TOPICAL TERM |
| Topical term or geographic name as entry element |
World War, 1939-1945 |
| General subdivision |
Confiscations and contributions |
| Geographic subdivision |
France. |
| 650 #0 - SUBJECT ADDED ENTRY--TOPICAL TERM |
| Topical term or geographic name as entry element |
Cultural property |
| General subdivision |
Protection |
| Geographic subdivision |
France |
| General subdivision |
History |
| Chronological subdivision |
20th century. |
| 651 #0 - SUBJECT ADDED ENTRY--GEOGRAPHIC NAME |
| Geographic name |
France |
| General subdivision |
History |
| Chronological subdivision |
German occupation, 1940-1945. |
| 906 ## - LOCAL DATA ELEMENT F, LDF (RLIN) |
| a |
7 |
| b |
cbc |
| c |
orignew |
| d |
1 |
| e |
ecip |
| f |
20 |
| g |
y-gencatlg |
| 942 ## - ADDED ENTRY ELEMENTS (KOHA) |
| Source of classification or shelving scheme |
|
| Koha item type |
Hard Covered Materials |
| Classification part |
N 9165 .F8K37 2011 |